Statistics for Diseases that start with D

Click here to take the quiz!

General Stats

  • This quiz has been taken 7 times
  • The average score is 5 of 21

Answer Stats

Answer% Correct
Dementia
57%
Diarrhea
57%
Depression
43%
deafness
29%
deep vein thrombosis
29%
Dermatitis
29%
Diabetes Type 1
29%
Diabetes Type 2
29%
dandruff
14%
deafblindness
14%
Degenerative Joint Disease
14%
Diabetic Ketoacidosis
14%
Diphtheria
14%
Down Syndrome
14%
Dry Eye Syndrome
14%
Dysentery
14%
Dysmenorrhea
14%
Dysphagia
14%
Dysthymia
14%
Dysphonia
0%
Dysrhythmia
0%

Score Distribution

Percentile by Number Answered

Percent of People with Each Score

Your Score History

You have not taken this quiz